Marketingové pojetí konkurenceschopnosti v EU
Vzájomná previazanosť konkurencieschopnosti s úspešnosťou, efektívnosťou a asertivitou. České firmy a ich chápanie konkurencieschopnosti. Ponímanie konkurencieschopnosti podnikateľských subjektov registrovaných a pôsobiacích na území EÚ. Konkurencieschopnosť v poňatí EÚ. Marketingová filozofia hodnô...
Saved in:
| Main Author: | |
|---|---|
| Format: | Book Chapter |
| Language: | Czech |
| Subjects: | |
| Tags: |
No Tags, Be the first to tag this record!
|
MARC
| LEADER | 00000naa a2200000 4500 | ||
|---|---|---|---|
| 001 | r045153 | ||
| 005 | 20231004100222.6 | ||
| 041 | 0 | |a cze | |
| 044 | |a CZ | ||
| 245 | 1 | 0 | |a Marketingové pojetí konkurenceschopnosti v EU |c Ludvík Čichovský |
| 520 | |a Vzájomná previazanosť konkurencieschopnosti s úspešnosťou, efektívnosťou a asertivitou. České firmy a ich chápanie konkurencieschopnosti. Ponímanie konkurencieschopnosti podnikateľských subjektov registrovaných a pôsobiacích na území EÚ. Konkurencieschopnosť v poňatí EÚ. Marketingová filozofia hodnôt a konkurencieschopnosť. Triády marketingovej filozofie hodnôt. Triády konkurencieschopnosti. Spôsoby merateľnosti konkurenčných výhod. | ||
| 610 | 2 | 0 | |a konkurencieschopnosť |
| 610 | 2 | 0 | |a Česko |
| 610 | 2 | 0 | |a Európska únia |
| 610 | 2 | 0 | |a asertivita |
| 610 | 2 | 0 | |a efektívnosť |
| 610 | 2 | 0 | |a marketing |
| 610 | 2 | 0 | |a výhody konkurenčné |
| 610 | 2 | 0 | |a podnikanie |
| 610 | 2 | 0 | |a filozofia |
| 100 | 1 | |a Čichovský, Ludvík | |